000 01201nam a22002655i 4500
001 160414
003 ES-MaACL
005 20250915201239.0
008 940301s1888 sp af |||| | spa d
040 _aAS
_bspa
100 1 _aMurguía, Manuel.
_984577
245 1 0 _aGalicia /
_cpor Manuel Murguía ; fotograbados de Thomas ; dibujos de Passos y Delgado ; cromos de Xumetra.
260 _aBarcelona :
_bEstablecimiento tipográfico-editorial de Daniel Cortezo y Cia,
_c1888.
300 _a1196 p., [7] h. de lám. :
_bil. ;
_c25 cm.
490 1 _aEspaña, sus monumentos y artes, su naturaleza e historia
599 _aLas h. de grab. son de Santiago, catedral de Tuy, catedral de Orense, puente de Orense, castillo de Navafrío, retrato de campesino y campesina.
651 0 4 _aGalicia-
_xDescripción.
_98726
700 1 _aThomas, Josep,
_d1853-1910
_9133224
700 1 _aPassos, José,
_d1862-1928
_9130884
700 1 _aObiols Delgado, Manuel,
_dca. 1860-1911
_9130582
700 0 _aXumetra, F.
_9117524
830 0 _aEspaña, sus monumentos y artes, su naturaleza e historia
_9188068
852 _aES-MaACL
_jC-2046
_z-- Enc. ed. en tela cromolit.
999 _c160414
_d160414